Refrigeration and air conditioning (Record no. 29732)

MARC details
000 -LEADER
fixed length control field 00274nam a2200109Ia 4500
082 ## - DEWEY DECIMAL CLASSIFICATION NUMBER
Classification number 621.56
Item number LAN
100 ## - MAIN ENTRY--AUTHOR NAME
Personal name Langley, B C
245 #0 - TITLE STATEMENT
Title Refrigeration and air conditioning
260 ## - PUBLICATION, DISTRIBUTION, ETC. (IMPRINT)
Place of publication Virginia
Name of publisher Reston
Year of publication 1978
942 ## - ADDED ENTRY ELEMENTS (KOHA)
Koha item type Books
Holdings
Withdrawn status Lost status Damaged status Not for loan Home library Current library Date acquired Cost, normal purchase price Full call number Accession Number Koha item type
        RRII Library RRII Library 16/12/2021 18.95 621.56 LAN 10314 Books